Information and communication for natural resource management in agriculture : (Record no. 15520)

000 -LEADER
fixed length control field 00897nam a2200217Ia 4500
020 ## - INTERNATIONAL STANDARD BOOK NUMBER
ISBN 9251054827
040 ## - CATALOGING SOURCE
Transcribing agency FUG
082 ## - DEWEY DECIMAL CLASSIFICATION NUMBER
Classification number 630 FOO 2006 A091 Or.
245 00 - TITLE STATEMENT
Title Information and communication for natural resource management in agriculture :
Remainder of title a training sourcebook /
260 ## - PUBLICATION, DISTRIBUTION, ETC. (IMPRINT)
Place of publication Rome :
Name of publisher Food and Agriculture Organization of the United Nations,
Year of publication 2006
300 ## - PHYSICAL DESCRIPTION
Number of Pages vii, 131 p. :
Other physical details ill. ;
Dimensions 26 cm
500 ## - GENERAL NOTE
General note "Printed with the support of the Livelihood Support Programme."
650 #0 - SUBJECT ADDED ENTRY--TOPICAL TERM
Topical Term Communication in agriculture
650 #0 - SUBJECT ADDED ENTRY--TOPICAL TERM
Topical Term Communication in agriculture
650 #0 - SUBJECT ADDED ENTRY--TOPICAL TERM
Topical Term Communication in conservation of natural resources
650 #0 - SUBJECT ADDED ENTRY--TOPICAL TERM
Topical Term Sustainable agriculture
710 2# - ADDED ENTRY--CORPORATE NAME
Corporate name or jurisdiction name as entry element University of the Philippines at Los Ba©łos.
710 2# - ADDED ENTRY--CORPORATE NAME
Corporate name or jurisdiction name as entry element Food and Agriculture Organization of the United Nations.
710 2# - ADDED ENTRY--CORPORATE NAME
Corporate name or jurisdiction name as entry element Food and Agriculture Organization of the United Nations.
942 ## - ADDED ENTRY ELEMENTS (KOHA)
Koha item type សៀវភៅភាសាអង់គ្លេស
952 ## - LOCATION AND ITEM INFORMATION (KOHA)
Withdrawn status [LOCAL, KOHA] 0
Holdings
Permanent Location Date acquired Koha item type Lost status Shelving location Barcode Current Location Full call number
Library Block A2017-11-28សៀវភៅភាសាអង់គ្លេស A091A27910Library Block A630 FOO 2006 A091 Or.
មជ្ឈមណ្ឌលឯការនៃសាកលវិទ្យាល័យភូមិន្ទកសិកម្មចំការដូង

Powered by Koha